000 00895nam a2200241 4500
001 144995
003 ES-MaACL
005 20230906201137.0
007 t|
008 070214s1978 sp r ||||1| eng d
080 _a821.134.2 García Lorca, Federico 1.06
080 _a821.111(417) Synge, John Millington
100 1 _aSmoot, Jean J.
_9106944
245 1 4 _aThe poets and time
_b: a comparision of plays by John Millington Synge and Federico García Lorca /
_cby Jean J. Smoot.
260 _aMadrid :
_bJosé Porrúa,
_c1978.
300 _aIX, 212 p., 1 lám. ;
_c22 cm.
490 1 _aStudia humanitatis
600 1 4 _aGarcía Lorca, Federico,
_d1898-1936-
_xCrítica e interpretación
_954857
600 1 4 _aSynge, John Millington-
_xCrítica e interpretación.
_9139096
830 0 _aStudia humanitatis
_9181639
852 _aES-MaACL
_jA-9979
_bR.98347
999 _c144995
_d144995